Autómata programable análisis técnico y aplicación a un proceso industrial
La investigación pretende promover la integración de los estudiantes de Ingeniería en el campo Industrial hacia la solución de problemas de Ingeniería de Control. Estimular el estudio de la nueva tecnología que forma parte de los sistemas modernos de control automático. Adecuar a un sistema d...
| Main Authors: | , |
|---|---|
| Other Authors: | |
| Format: | Tesis Section = Libro |
| Language: | Undetermined Spanish |
| Published: |
Managua
UNI
1999
|
| Subjects: |
| LEADER | 01334nam a2200277Ia 4500 | ||
|---|---|---|---|
| 008 | 240830s9999 xx 000 0 und d | ||
| 040 | |a BIBLIOTECA-RUSB/ Mon 004.16 G958 | ||
| 041 | |a spa | ||
| 082 | |a Mon 004.16 G958 | ||
| 100 | 1 | |a Guillen Midence, Aurora | |
| 100 | 1 | |b Membreño Guardián, Tamara | |
| 245 | 1 | 0 | |a Autómata programable análisis técnico y aplicación a un proceso industrial |
| 260 | |a Managua |b UNI |c 1999 | ||
| 300 | |a 90 p. :il. | ||
| 500 | |a Contiene: apéndices. | ||
| 502 | |a Tesis (Ingeniero Electrónico) - UNI, 1999. | ||
| 520 | 3 | |a La investigación pretende promover la integración de los estudiantes de Ingeniería en el campo Industrial hacia la solución de problemas de Ingeniería de Control. Estimular el estudio de la nueva tecnología que forma parte de los sistemas modernos de control automático. Adecuar a un sistema de control de refinación del aceite el autómata programable SIMATIC S 5. Realizar la investigación del proceso para obtener la base de datos requeridos para su automatización. | |
| 650 | 7 | |a AUTOMATA PROGRAMABLE | |
| 650 | 7 | |b SISTEMAS DE AUTOMATIZACION | |
| 650 | 7 | |c HARDWARE | |
| 650 | 7 | |d SOFTWARE | |
| 650 | 7 | |e CONTROL DE TEMPERATURA-SISTEMA | |
| 700 | 1 | |a Tutor: |b Gómez Gurdían, Cristian | |
| 942 | |c BK |2 ddc | ||
| 991 | |a TESIS | ||
| 999 | |c 19615 | ||